000 01175nam a2200265 a 4500
003 BD-DhJNU
005 20260115063411.0
008 251108s2023 bg |||g |||| 000 1|ben|d
020 _a9789849025474
040 _aBD-DhJNU
_bben
_cBD-DhJNU
_dBD-DhJNU
041 _aben
082 _a954.9205 KHA
_223
100 _aখান, মিজানুর রহমান
242 1 0 _aThe assassination of Mujib in US documents /
_cMizanur Rahman Khan
245 1 0 _aমার্কিন দলিলে মুজিব হত্যাকাণ্ড /
_cমিজানুর রহমান খান
246 _aMarkin dolile Mujib hottyakando
250 _a1st ed.
260 _aঢাকা :
_bপ্রথমা প্রকাশন,
_c2023.
300 _a৩৭৫ পৃ. :
_bচিত্র ;
_c২২ সেমি.।
504 _aগ্রন্থপঞ্জিগত নির্দেশিকা ও নিঘন্ট অন্তভূক্ত
650 _aবঙ্গবন্ধু হত্যাকাণ্ড
650 _aMujib assassination
650 _aমার্কিন দলিল--US diplomatic documents
942 _cBK
999 _c2534
_d2534